Statistics for Name The Sequence - Click Quiz

Click here to take the quiz!

General Stats

  • This quiz has been taken 38 times
  • The average score is 12 of 15

Answer Stats

HintAnswer% Correct
J, F, M, A, M, J, J, A, S, O, N, DMonths of the Year
100%
R, O, Y, G, B, I, VColours of the Rainbow
96%
M, T, W, T, F, S, SDays of the Week
96%
I, V, X, L, C, D, MRoman Numerals
96%
2, 3, 5, 7, 11, 13, 17, 23, 29, 31Prime Numbers
93%
0, 1, 1, 2, 3, 5, 8, 13, 21, 34, 55, 89, 144, ....Fibonacci Sequence
86%
SC, DN, GL, RM, TD, PB, DCJames Bond Actors
82%
WH, PT, JP, TB, PD, CB, SMcC, PMcC, CE, DT, MS, PC, JW, NGDr Who Actors
79%
M, V, E, M, J, S, U, NPlanets from the Sun
79%
GPofG, CofR, LofA, MatH, TofA, SofZatO, HGofBSeven Wonders of the Ancient World
79%
PS, CofS, PofA, GofF, OoftheP, HBP, DH1, DH2Harry Potter Films
75%
O, E, H, M, SGreat Lakes E-W
71%
R, Y, G, B, B, P, BSnooker Balls
64%
CofA, AB, JS, AofC, CH, CPWives of Henry VIII
57%
A4, C3, D1, F1, G1, H1, I4, K2, L1, M8, N8, O3, P1, R1, S2, T2, U1, V2, W4US States
43%

Score Distribution

Percentile by Number Answered

Percent of People with Each Score

Your Score History

You have not taken this quiz